|
|
|
|
| LEADER |
00000cam a2200000 7i4500 |
| 001 |
0000000138 |
| 005 |
20151222.0 |
| 008 |
070629 |
| 020 |
|
|
|a 9835700915
|
| 090 |
0 |
0 |
|a JF
|b MAL (220)
|
| 100 |
0 |
|
|a Sheba Siddique
|
| 245 |
1 |
0 |
|a Bagai anjing dengan kucing
|c Sheba Siddique
|
| 260 |
|
|
|a Kuala Lumpur :
|b Gema Insan ,
|c 2005
|
| 440 |
|
|
|a Siri cerita motivasi
|
| 500 |
|
|
|a Children ages 7-9 years old (orange)
|
| 650 |
|
0 |
|a Malay fiction
|
| 999 |
|
|
|a 0000954416
|b Book
|c Children Collection
|e Cawangan Segamat
|
| 999 |
|
|
|a 0000954417
|b Book
|c Children Collection
|e Cawangan Taman Universiti
|
| 999 |
|
|
|a 0000954418
|b Book
|c Children Collection
|e Cawangan Taman Universiti
|
| 999 |
|
|
|a 0000954511
|b Book
|c Children Collection
|e Perbadanan Perpustakaan Awam Johor
|
| 999 |
|
|
|a 0000954512
|b Book
|c Children Collection
|e Perbadanan Perpustakaan Awam Johor
|
| 999 |
|
|
|a 0000954513
|b Book
|c Children Collection
|e Perbadanan Perpustakaan Awam Johor
|
| 999 |
|
|
|a 0000954514
|b Book
|c Children Collection
|e Perbadanan Perpustakaan Awam Johor
|
| 999 |
|
|
|a 0000970637
|b Book
|c Children Collection
|e Cawangan Kota Tinggi
|
| 999 |
|
|
|a 0001167543
|b Book
|c Children Collection
|e Cawangan Taman Universiti
|
| 999 |
|
|
|a 0001167544
|b Book
|c Children Collection
|e Cawangan Kota Tinggi
|
| 999 |
|
|
|a 0001167545
|b Book
|c Children Collection
|e Cawangan Bandar Tenggara
|
| 999 |
|
|
|a 0001167546
|b Book
|c Children Collection
|e Cawangan Bukit Gambir
|
| 999 |
|
|
|a 0001167547
|b Book
|c Children Collection
|e Cawangan Bandar Penawar
|
| 999 |
|
|
|a 0001167550
|b Book
|c Children Collection
|e Cawangan Tangkak
|
| 999 |
|
|
|a 0001167553
|b Book
|c Children Collection
|e Cawangan Segamat
|
| 999 |
|
|
|a 0001167556
|b Book
|c Children Collection
|e Cawangan Tmn. Ungku Tun Aminah
|